000 00862nam a2200229Ia 4500
001 L430-25341
003 IT-CnALBA
008 170116s9999||||xx |||||||||||||| ||und||
040 _aIT-CnALBA
_cIT-CnALBA
041 _aITALIANO
100 _aLAZZARINI PIETRO, SAC.
245 0 _aLETTURE TEDESCHE SPIEGATE AGLI ALLIEVI DELLE SCUOLE SECONDARIE... PARTE I.
250 _a1a ed.
260 _a STABIL. TIPOGRAFICO. ALBA
_bSINEO E BO.
_c1905 [1° Ed.:1905 - Ed.Ling.Originale: 1905]
300 _a75 p.
500 _aDIALOGHI. LETTERE FAMILIARI. TRADUZIONI. BRANI DIVERSI.
501 _aSocietà San Paolo EM - Piazza San Paolo, 14 - 12051 ALBA (CN) (non commercial uses only) ® Copyright 2017
520 _aDIALOGHI. LETTERE FAMILIARI. TRADUZIONI. BRANI DIVERSI.
650 _aLINGUE GERMANICHE, MISCELLANEA
942 _cBK
957 _71
999 _a30118
_bSI
_g Copie: 1
_c284444
_d284444